00846nam a2200205Ia 4500003000400000005001700004008004100021020001800062040000900080082001900089100002900108245006400137260004700201300000900248650001200257942004400269952015500313952015500468999001700623OSt20201019120635.0190216s9999||||xx |||||||||||||| ||und|| a9780199552269 coclc a303.482bSTE/G aSteger, Manfred B 95901 0aGlobalization A Very Short Introduction /cManfred B Steger bOxford University Press,c2009.aNew York: a141p aEnglish cBK2ddch303.482iSTE/Gk303.482mSTE/G 00102ddc40708SOCIAL SCIENCEaMESbMEScSOCIAL SCIENCEd2019-02-20g165.00l0o303.482 STE/Gp36627r2019-02-20 00:00:00t1w2019-02-20yBKzGL50R3 00102ddc40708SOCIAL SCIENCEaMESbMEScSOCIAL SCIENCEd2019-02-20g165.00l0o303.482 STE/Gp36628r2019-02-20 00:00:00t2w2019-02-20yBKzGL50R3 c14547d14547